Ensnared : (Record no. 758)

MARC details
000 -LEADER
fixed length control field 00376nam a2200157 4500
001 - CONTROL NUMBER
control field 1074
005 - DATE AND TIME OF LATEST TRANSACTION
control field 20181127162645.0
020 00 - INTERNATIONAL STANDARD BOOK NUMBER
International Standard Book Number 9789993678106
090 00 - LOCALLY ASSIGNED LC-TYPE CALL NUMBER (OCLC); LOCAL CALL NUMBER (RLIN)
Classification number (OCLC) (R) ; Classification number, CALL (RLIN) (NR) 895.1 T313e 2009
100 00 - MAIN ENTRY--PERSONAL NAME
Personal name Tenzin, Kuenga.
245 00 - TITLE STATEMENT
Title Ensnared :
Remainder of title A novel from Bhutan /
Statement of responsibility, etc. Kuenga Tenzin.
Medium
260 00 - PUBLICATION, DISTRIBUTION, ETC.
Place of publication, distribution, etc.
Name of publisher, distributor, etc. NP,
Date of publication, distribution, etc. 2009.
300 00 - PHYSICAL DESCRIPTION
Extent 133 p.
500 00 - GENERAL NOTE
General note In English.
650 00 - SUBJECT ADDED ENTRY--TOPICAL TERM
Topical term or geographic name entry element Bhutan --fiction.
General subdivision
Holdings
Withdrawn status Lost status Source of classification or shelving scheme Damaged status Not for loan Collection code Home library Current library Shelving location Serial Enumeration / chronology Inventory number Total Checkouts Full call number Barcode Date last seen Date last checked out Copy number Price effective from Koha item type Date acquired Total Renewals
    Dewey Decimal Classification     Main TEST RTC Library RTC Library Main opac 3709 1 895.1 TEN 30002224 28/05/2019 20/05/2019 3 27/11/2018 Main    
    Dewey Decimal Classification     Main TEST RTC Library RTC Library Main opac 3710 3 895.1 TEN 30002222 31/08/2021 23/08/2021 2 27/11/2018 Main 23/08/2021  
  Lost       Main TEST RTC Library RTC Library Main opac 3711 21 895.1 T313e 2009 30002228 27/03/2022 27/03/2022 1 27/11/2018 Main 03/03/2021 3
Royal Thimphu College || All Right Reserved